000 00380nam a22001457a 4500
003 MACL
005 20170609125241.0
008 170609b xxu||||| |||| 00| 0 eng d
040 _cMACL
100 _aMakhija Anju
_99957
245 _aTo Catch A Poem
_bAn Anthology for Young People
260 _aNew Delhi
_bSahitya Akademi
_c2014
650 _aPoetry
_967415
942 _2ddc
_cBK
999 _c56504
_d56504